000 00752nam a2200241 i 4500
003 DO-SdBNP
005 20230807084315.0
006 a||||gr|||| 00| 0
007 ta
008 230804t2022 dr a|||| |||| 00| j spa d
020 _a9789945182019
040 _aDO-SdBNP
_bspa
_cBNPHU
_erda
082 4 _222
_bC957s
245 1 0 _aSanto Domingo. /
_cManny Cruz; adaptación e ilustraciones, Taína Almodóvar Gil.
264 4 _aSanto Domingo :
_bInduveca,
_c2022
300 _a28 páginas :
_bIlustraciones ;
_c27 cm.
336 _2rdacontent
_atexto
_btxt
337 _2rdamedia
_asin mediación
_bn
338 _2rdacarrier
_avolumen
_bnc
590 _aInventariado 2023 / MF
700 1 _aAlmodóvar Gil, Taína,
_978199
_eilustradora
942 _2ddc
_cLF2
999 _c54323
_d54323